Исследование структурных свойств инструментальных материалов методом электронно-позитронной аннигиляции; Известия Томского политехнического университета [Известия ТПУ]; Т. 303, вып. 3
| Parent link: | Известия Томского политехнического университета [Известия ТПУ]/ Томский политехнический университет (ТПУ).— , 2000- Т. 303, вып. 3.— 2000.— [С. 75-83] |
|---|---|
| Drugi avtorji: | , , , , |
| Izvleček: | Заглавие с титульного листа Электронная версия печатной публикации Исследовался спектр времени жизни позитронов на поверхности и в приповерхностной структуре быстрорежущей стали Р6М5 с различными вариантами термической обработки. Установлена связь между параметрами аннигиляции позитронов и эксплуатационными характеристиками режущего инструмента. |
| Jezik: | ruščina |
| Izdano: |
2000
|
| Teme: | |
| Online dostop: | http://www.lib.tpu.ru/fulltext/v/Bulletin_TPU/2000/v303/i3/08.pdf |
| Format: | Elektronski Book Chapter |
| KOHA link: | https://koha.lib.tpu.ru/cgi-bin/koha/opac-detail.pl?biblionumber=162888 |
MARC
| LEADER | 00000nla2a2200000 4500 | ||
|---|---|---|---|
| 001 | 162888 | ||
| 005 | 20231226092646.0 | ||
| 035 | |a (RuTPU)RU\TPU\book\176676 | ||
| 035 | |a RU\TPU\book\176660 | ||
| 090 | |a 162888 | ||
| 100 | |a 20090629d2000 k y0rusy50 ca | ||
| 101 | 0 | |a rus | |
| 102 | |a RU | ||
| 135 | |a drnn ---uucaa | ||
| 181 | 0 | |a i | |
| 182 | 0 | |a b | |
| 200 | 1 | |a Исследование структурных свойств инструментальных материалов методом электронно-позитронной аннигиляции |f К. П. Арефьев [и др.] | |
| 203 | |a Текст |c электронный | ||
| 215 | |a 1 файл (5.4 Мб) | ||
| 300 | |a Заглавие с титульного листа | ||
| 300 | |a Электронная версия печатной публикации | ||
| 320 | |a [Библиогр.: с. 83 (4 назв.)] | ||
| 330 | |a Исследовался спектр времени жизни позитронов на поверхности и в приповерхностной структуре быстрорежущей стали Р6М5 с различными вариантами термической обработки. Установлена связь между параметрами аннигиляции позитронов и эксплуатационными характеристиками режущего инструмента. | ||
| 337 | |a Adobe Reader | ||
| 461 | 1 | |0 (RuTPU)RU\TPU\book\176237 |t Известия Томского политехнического университета [Известия ТПУ] |f Томский политехнический университет (ТПУ) |d 2000- | |
| 463 | 1 | |0 (RuTPU)RU\TPU\book\176638 |t Т. 303, вып. 3 |o тематический выпуск |f под ред. В. Л. Ульянова |v [С. 75-83] |d 2000 | |
| 610 | 1 | |a инструментальные материалы | |
| 610 | 1 | |a режущие инструменты | |
| 610 | 1 | |a эксплуатационные характеристики | |
| 610 | 1 | |a позитроны | |
| 610 | 1 | |a аннигиляция | |
| 610 | 1 | |a труды учёных ТПУ | |
| 610 | 1 | |a электронный ресурс | |
| 675 | |a 620.182:621.789 |v 3 | ||
| 701 | 1 | |a Арефьев |b К. П. |c физик |c профессор Томского политехнического университета, доктор физико-математических наук |c член-корреспондент РАЕН |f 1947- |g Константин Петрович |3 (RuTPU)RU\TPU\pers\19765 |4 070 |9 7703 | |
| 701 | 1 | |a Нестеренко |b В. П. |c специалист в области материаловедения |c доцент Томского политехнического университета, кандидат технических наук |f 1949- |g Владимир Петрович |3 (RuTPU)RU\TPU\pers\30074 |4 070 | |
| 701 | 1 | |a Сурков |b А. С. | |
| 701 | 1 | |a Водопьянов |b А. В. |c доцент, кандидат технических наук |c кафедра технологии автоматизированного машиностроительного производства МСФ Томского политехнического университета |f 1938- |g Анатолий Васильевич |3 (RuTPU)RU\TPU\pers\24239 |4 070 | |
| 701 | 1 | |a Беликов |b Е. В. | |
| 801 | 1 | |a RU |b 63413507 |c 20090623 |g PSBO | |
| 801 | 2 | |a RU |b 63413507 |c 20121023 |g PSBO | |
| 856 | 4 | |u http://www.lib.tpu.ru/fulltext/v/Bulletin_TPU/2000/v303/i3/08.pdf | |
| 942 | |c CF | ||